000 00434nam a2200181Ia 4500
001 8301
005 20260306160559.0
008 260306t2008||||xx |||||||||||||| ||spa||
041 _aESP
082 _a370.1523
_bS17
100 _aSalas Silva, Raúl Ernesto
_eAUT
245 0 _aEstilos de aprendizaje a la luz de la neurociencia
260 _c2008
300 _a
_c
650 _aGEN
654 _aCED
942 _cLIB
_dJUS
_fJUS
_2ddc
_n
999 _c8301
_d8301